00723nam a2200229 4500001000200000003000900002005001700011008003400028040002400062082002100086100002500107245009000132246002300222260004000245300001800285490003900303500002200342600003600364650002900400700004200429740002200471 DO-SdBNP20220511135241.0140604s2004 sp 000 0 spad d aBPMSU bspacBPMSU  aR923bP967H 2221 aLeprohon, Pierre d 10aProtagonistas de la historia / cPierre Leprohon ; prólogo Fernando Castro Flórez13aVicent Van Goghb  aBarcelona : bBiblioteca ABC,c2004 av. ;c23 cm. 0 aProtagonistas de la historia v 22 aIncluye índice 14aBolívar, Simón,d1783-1830. 4aPersonajesvBiografías1 aCastro Flórez, Fernando eprólogo aVincent Van Gogh